[Event "2BLO 2324 SK Göggingen - Münchener Sch"]
[Site "Augsburg"]
[Date "2023.10.21"]
[Round "1.1"]
[White "Sarana, Alexey"]
[Black "Postny, Evgeny"]
[Result "1/2-1/2"]
[WhiteElo "2682"]
[BlackElo "2568"]
[PlyCount "137"]
[EventDate "2023.??.??"]

1. d4 d5 2. c4 e6 3. Nc3 Nf6 4. Bg5 Be7 5. e3 h6 6. Bh4 O-O 7. Qc2 b6 8. Nf3 Bb7 9. Bxf6 Bxf6 10. cxd5 exd5 11. Rd1 Re8 12. g3 c6 13. Bg2 Na6 14. O-O Nc7 15. Rfe1 Rc8 16. e4 dxe4 17. Nxe4 Nd5 18. Nxf6+ Qxf6 19. Ne5 Rcd8 20. Re2 Re7 21. Qb3 Qd6 22. Rc2 c5 23. f4 Nb4 24. Rcc1 cxd4 25. Nxf7 Rxf7 26. Bxb7 Nd5 27. Bxd5 Qxd5 28. Rc8 Qd7 29. Rxd8+ Qxd8 30. Qc4 Qc7 31. Qxd4 Re7 32. Qd8+ Qxd8 33. Rxd8+ Kf7 34. Kf2 Rc7 35. Ke3 Ke6 36. g4 Rc2 37. Rd2 Rc1 38. Kf3 Rc4 39. h3 a5 40. Re2+ Kf7 41. Re5 Rb4 42. b3 Rd4 43. Rb5 Rd3+ 44. Ke4 Rxh3 45. Rxb6 a4 46. Kf5 Rc3 47. b4 Rc2 48. Rb7+ Kf8 49. a3 Rc3 50. Kg6 Rxa3 51. Rxg7 Rf3 52. f5 Rf4 53. Kxh6 a3 54. g5 Rxf5 55. Ra7 Rf3 56. Ra8+ Ke7 57. g6 Rh3+ 58. Kg7 Kd6 59. Ra5 Kc6 60. Kg8 Kb6 61. g7 Rg3 62. Rf5 a2 63. Rf1 Kb5 64. Ra1 Rg2 65. Kf8 Kxb4 66. Rxa2 Rxa2 67. g8=Q Ra8+ 68. Kf7 Rxg8 69. Kxg8 1/2-1/2

[Event "2BLO 2324 SK Göggingen - Münchener Sch"]
[Site "Augsburg"]
[Date "2023.10.21"]
[Round "1.2"]
[White "Braeuer, Franz"]
[Black "Predke, Alexandr"]
[Result "0-1"]
[WhiteElo "2444"]
[BlackElo "2656"]
[PlyCount "74"]
[EventDate "2023.??.??"]

1. e4 c5 2. Nc3 Nc6 3. Nf3 e6 4. d4 cxd4 5. Nxd4 Qc7 6. Ncb5 Qb8 7. Bd3 Nf6 8. O-O a6 9. Nxc6 dxc6 10. Nc3 e5 11. f4 Ng4 12. Qf3 Qa7+ 13. Kh1 Bc5 14. Nd1 exf4 15. Bxf4 Be6 16. h3 h5 17. Qe2 O-O-O 18. Bc4 Rde8 19. Rb1 Bf5 20. Bd3 Bd7 21. b4 Bd4 22. c3 Be5 23. Bd2 f5 24. Ne3 fxe4 25. Bc4 Qb8 26. Bf7 Bxc3 27. Nxg4 Bxg4 28. Qc4 Bxd2 29. Bxe8 Rxe8 30. Qd4 e3 31. hxg4 Qe5 32. Qxe5 Rxe5 33. Rfd1 hxg4 34. Kh2 a5 35. a3 axb4 36. axb4 Kc7 37. Kg3 Re4 0-1

[Event "2BLO 2324 SK Göggingen - Münchener Sch"]
[Site "Augsburg"]
[Date "2023.10.21"]
[Round "1.3"]
[White "Indjic, Aleksandar"]
[Black "Prusikin, Michael"]
[Result "1/2-1/2"]
[WhiteElo "2610"]
[BlackElo "2507"]
[PlyCount "62"]
[EventDate "2023.??.??"]

1. c4 e6 2. g3 d5 3. Bg2 Nf6 4. Nf3 Be7 5. O-O O-O 6. d4 Nbd7 7. Nc3 dxc4 8. e4 c5 9. d5 exd5 10. e5 Ng4 11. Qxd5 Nb6 12. Qe4 Qd3 13. Qe1 Bd7 14. h3 Bc6 15. Nd2 Bxg2 16. Kxg2 Nh6 17. Nf3 Nf5 18. Bg5 Bxg5 19. Rd1 Ne3+ 20. fxe3 Qxe3 21. a4 Rad8 22. e6 Qxe1 23. Rfxe1 Rxd1 24. Rxd1 Bf6 25. a5 Nc8 26. Rd7 b6 27. a6 Bxc3 28. bxc3 fxe6 29. Ne5 b5 30. Rc7 b4 31. Rxc5 bxc3 1/2-1/2

[Event "2BLO 2324 SK Göggingen - Münchener Sch"]
[Site "Augsburg"]
[Date "2023.10.21"]
[Round "1.4"]
[White "Wegener, Olaf"]
[Black "Martinovic, Sasa"]
[Result "1-0"]
[WhiteElo "2406"]
[BlackElo "2556"]
[PlyCount "145"]
[EventDate "2023.??.??"]

1. e4 e6 2. d4 d5 3. Nc3 Nf6 4. e5 Nfd7 5. f4 c5 6. Nf3 Nc6 7. Be3 Be7 8. Qd2 a6 9. Bd3 O-O 10. O-O f6 11. exf6 Nxf6 12. Kh1 c4 13. Be2 Bb4 14. Qe1 Ne4 15. Ng5 Nxg5 16. fxg5 Rxf1+ 17. Qxf1 Bd7 18. Nd1 Qe7 19. Bf3 Be8 20. c3 Bd6 21. Nf2 Bg6 22. Qe2 b5 23. Re1 Re8 24. Qd2 Rf8 25. Ng4 Qf7 26. Qe2 Bd3 27. Qd1 Kh8 28. Nf2 Bf5 29. Qd2 Qc7 30. g3 b4 31. Bf4 Bxf4 32. gxf4 bxc3 33. bxc3 Nd8 34. Kg2 h6 35. h4 Nf7 36. Nh1 Nd6 37. Ng3 Qf7 38. Qe3 Bd3 39. gxh6 Nf5 40. Nxf5 exf5 41. hxg7+ Qxg7+ 42. Kh3 Rg8 43. Qe5 Be4 44. Bxe4 Qxe5 45. fxe5 fxe4 46. Re3 Rf8 47. Rg3 Rf4 48. Rg5 e3 49. Rg2 Re4 50. Re2 Kg7 51. Kg3 Kg6 52. Kf3 Rxh4 53. Kxe3 Kf7 54. Kd2 Ke7 55. Kc2 a5 56. Rg2 Rh3 57. Kb2 Re3 58. Rf2 Ke8 59. Rh2 Ke7 60. Rc2 Kd7 61. Ka3 Kc6 62. Ka4 Kb6 63. Rb2+ Kc6 64. Rb5 Rxc3 65. Rc5+ Kb6 66. Rxd5 Rc2 67. Rb5+ Kc6 68. Rc5+ Kb6 69. a3 Rc3 70. Rb5+ Kc7 71. Rxa5 Kd7 72. Kb4 Rc1 73. Rc5 1-0

[Event "2BLO 2324 SK Göggingen - Münchener Sch"]
[Site "Augsburg"]
[Date "2023.10.21"]
[Round "1.5"]
[White "Costa, Leonardo"]
[Black "Rozentalis, Eduardas"]
[Result "1/2-1/2"]
[WhiteElo "2387"]
[BlackElo "2473"]
[PlyCount "79"]
[EventDate "2023.??.??"]

1. e4 e5 2. Nf3 Nc6 3. Bc4 Be7 4. O-O d6 5. Nc3 Nf6 6. a4 Bg4 7. h3 Bh5 8. Be2 O-O 9. d3 Bg6 10. Nh4 Nd4 11. f4 Nd7 12. Nxg6 fxg6 13. Bg4 Nf6 14. Nb5 d5 15. Nxd4 Bc5 16. Be6+ Kh8 17. Kh2 exd4 18. e5 Qe7 19. exf6 Qxe6 20. fxg7+ Kxg7 21. Bd2 Rae8 22. Re1 Qf6 23. Qf3 c6 24. g3 Bd6 25. Kg2 a6 26. g4 Kg8 27. Rxe8 Rxe8 28. Rf1 Re7 29. Kh1 Rf7 30. Qg2 Qh4 31. f5 gxf5 32. Rxf5 Rxf5 33. gxf5+ Kf7 34. Qf3 Qg3 35. Qxg3 Bxg3 36. Kg2 Be5 37. Bg5 b5 38. b3 h5 39. Kf3 Kg7 40. Be7 1/2-1/2

[Event "2BLO 2324 SK Göggingen - Münchener Sch"]
[Site "Augsburg"]
[Date "2023.10.21"]
[Round "1.6"]
[White "Nestorovic, Nikola"]
[Black "Watson, William N"]
[Result "0-1"]
[WhiteElo "2482"]
[BlackElo "2478"]
[PlyCount "82"]
[EventDate "2023.??.??"]

1. d4 Nf6 2. Nf3 g6 3. Nbd2 Bg7 4. e4 d6 5. Bb5+ c6 6. Bd3 O-O 7. O-O Qc7 8. c3 e5 9. Re1 Be6 10. h3 h6 11. dxe5 dxe5 12. Bc4 Re8 13. a4 Nbd7 14. b4 Nf8 15. a5 Nh5 16. Bxe6 Nxe6 17. Nc4 b5 18. axb6 axb6 19. Rxa8 Rxa8 20. Qd6 Qxd6 21. Nxd6 b5 22. g3 Rd8 23. Nb7 Rd3 24. Re3 Rd1+ 25. Re1 Rd3 26. Re3 Rd7 27. Na5 c5 28. Nc6 Rc7 29. Na5 cxb4 30. Bb2 Nhf4 31. gxf4 exf4 32. Re1 bxc3 33. Ba3 c2 34. Nb3 Rc3 35. Nfd2 Nd4 36. Nxd4 Bxd4 37. Bb2 Rd3 38. Kg2 b4 39. f3 b3 40. Nc4 Rd1 41. Kf1 Bc3 0-1

[Event "2BLO 2324 SK Göggingen - Münchener Sch"]
[Site "Augsburg"]
[Date "2023.10.21"]
[Round "1.7"]
[White "Froewis, Georg"]
[Black "Stankovic, Milos"]
[Result "1-0"]
[WhiteElo "2461"]
[BlackElo "2464"]
[PlyCount "57"]
[EventDate "2023.??.??"]

1. Nf3 e6 2. c4 d5 3. d4 h6 4. Nc3 Nf6 5. e3 Be7 6. b3 O-O 7. Bb2 b6 8. Bd3 Bb7 9. O-O Nbd7 10. Rc1 a6 11. Qc2 c5 12. cxd5 Nxd5 13. Nxd5 Bxd5 14. Qe2 a5 15. Rfd1 cxd4 16. Nxd4 Rc8 17. e4 Bb7 18. Bb5 Bc5 19. Nf5 exf5 20. Rxd7 Qg5 21. Rxb7 Rfd8 22. h4 Qf4 23. Rf1 Rd2 24. Be5 Qxe4 25. Qxd2 Qxb7 26. Qd7 Qxd7 27. Bxd7 Rd8 28. Rd1 Kf8 29. Bc7 1-0

[Event "2BLO 2324 SK Göggingen - Münchener Sch"]
[Site "Augsburg"]
[Date "2023.10.21"]
[Round "1.8"]
[White "Schmittdiel, Eckhard"]
[Black "Ciolek, Andreas"]
[Result "1-0"]
[WhiteElo "2391"]
[BlackElo "2215"]
[PlyCount "61"]
[EventDate "2023.??.??"]

1. e4 e5 2. Bc4 Nf6 3. d3 c6 4. Nf3 Be7 5. O-O d6 6. h3 O-O 7. Bb3 Nbd7 8. c3 a5 9. Re1 b5 10. Nbd2 a4 11. Bc2 Re8 12. Nf1 Nf8 13. Ng3 Ng6 14. d4 Bf8 15. Be3 Qa5 16. b4 Qc7 17. c4 Bd7 18. cxb5 cxb5 19. Rc1 Qb7 20. d5 Be7 21. Qd2 Bd8 22. Bd3 Bb6 23. Bg5 Bd8 24. Nf5 Bxf5 25. exf5 Nf8 26. Bxf6 Bxf6 27. Rc6 Nd7 28. Rec1 Nb8 29. Rc7 Qxd5 30. Qe2 e4 31. Bxe4 1-0

[Event "2BLO 2324 SC Garching - SC Erlangen"]
[Site "Augsburg"]
[Date "2023.10.21"]
[Round "1.1"]
[White "Mons, Leon"]
[Black "Vykouk, Jan"]
[Result "1/2-1/2"]
[WhiteElo "2507"]
[BlackElo "2483"]
[PlyCount "126"]
[EventDate "2023.??.??"]

1. d4 d6 2. Nf3 Nf6 3. c4 g6 4. Nc3 Bg7 5. e4 O-O 6. Be2 Nbd7 7. O-O e5 8. Be3 Qe7 9. Qc2 c6 10. d5 c5 11. Kh1 Nh5 12. g3 Ndf6 13. Bd2 Bh3 14. Rfe1 Bd7 15. Nh4 Ng4 16. f3 Nf2+ 17. Kg2 Nh3 18. Nf5 gxf5 19. Kxh3 f4+ 20. g4 Qg5 21. Kg2 Nf6 22. Rh1 h5 23. h3 Qg6 24. Rag1 Rfb8 25. Kf1 a6 26. a4 Kf8 27. Bd3 Nh7 28. a5 b5 29. axb6 Rxb6 30. Nd1 Rab8 31. Bc3 Bf6 32. g5 Bd8 33. h4 R6b7 34. Nf2 f6 35. gxf6 Qh6 36. Nh3 Bxf6 37. Qg2 Ke7 38. Ng5 Nf8 39. Qf2 a5 40. Rg2 a4 41. Qe1 Nh7 42. Nxh7 Qxh7 43. Qc1 Kf7 44. Bc2 Ra7 45. Qa1 Qh8 46. Qa3 Qc8 47. Ke2 Qa6 48. Qa2 Raa8 49. Rhg1 Qc8 50. Qa1 Qh8 51. Be1 Bh3 52. Rh2 Bd7 53. Rhg2 Rg8 54. Rxg8 Rxg8 55. Bf2 Ra8 56. Qa3 Qd8 57. Rh1 Qa5 58. Be1 Qb6 59. Bf2 Rb8 60. Rb1 Qd8 61. Rh1 Qb6 62. Rb1 Qd8 63. Rh1 Qb6 1/2-1/2

[Event "2BLO 2324 SC Garching - SC Erlangen"]
[Site "Augsburg"]
[Date "2023.10.21"]
[Round "1.2"]
[White "Haba, Petr"]
[Black "Miller, Eduard"]
[Result "1-0"]
[WhiteElo "2445"]
[BlackElo "2342"]
[PlyCount "95"]
[EventDate "2023.??.??"]

1. d4 Nf6 2. c4 e6 3. g3 d5 4. Bg2 Bb4+ 5. Nd2 O-O 6. Ngf3 dxc4 7. Qc2 a5 8. a3 Bxd2+ 9. Bxd2 b5 10. a4 c6 11. O-O Nbd7 12. axb5 cxb5 13. Ne5 Nd5 14. Nc6 Qb6 15. Ne7+ Kh8 16. Nxd5 exd5 17. Bxd5 Ra7 18. Bg2 b4 19. Qxc4 Ba6 20. Qc6 Qd8 21. Rfe1 Bb7 22. Qb5 Bxg2 23. Kxg2 Nf6 24. Qc5 Qa8+ 25. f3 Rc8 26. Qf5 Rd8 27. e4 a4 28. Bxb4 Rxd4 29. Bc3 Rd6 30. Rad1 Re6 31. Rd2 Qe8 32. Red1 Ra8 33. Rd6 h6 34. Rxe6 fxe6 35. Qf4 Qe7 36. Qd6 Qf7 37. Qb6 Kh7 38. Rd8 Ra7 39. Qd6 Rd7 40. Qb8 Rb7 41. Rh8+ Kg6 42. Qf4 Rb5 43. e5 Nh7 44. Qg4+ Ng5 45. h4 Qxf3+ 46. Qxf3 Nxf3 47. Kxf3 a3 48. b4 1-0

[Event "2BLO 2324 SC Garching - SC Erlangen"]
[Site "Augsburg"]
[Date "2023.10.21"]
[Round "1.3"]
[White "Klek, Hanna Marie"]
[Black "Hess, Max"]
[Result "1/2-1/2"]
[WhiteElo "2273"]
[BlackElo "2378"]
[PlyCount "66"]
[EventDate "2023.??.??"]

1. e4 c6 2. d4 d5 3. Nc3 g6 4. h3 dxe4 5. Nxe4 Bg7 6. Nf3 Nf6 7. Nxf6+ exf6 8. Bd3 O-O 9. O-O Be6 10. Re1 a5 11. c4 Na6 12. Bf1 Qd7 13. b3 Rfd8 14. Bd2 Nc7 15. a4 h5 16. Bc3 b6 17. Ra2 g5 18. Qc1 Re8 19. Rae2 Bf5 20. Rxe8+ Rxe8 21. Rxe8+ Qxe8 22. h4 g4 23. Qf4 Qd7 24. Nd2 Bg6 25. d5 cxd5 26. Bxf6 d4 27. g3 Bxf6 28. Qxf6 Ne6 29. Bg2 Qd8 30. Qe5 Qc7 31. Qf6 Qd8 32. Qe5 Qc7 33. Qf6 Qd8 1/2-1/2

[Event "2BLO 2324 SC Garching - SC Erlangen"]
[Site "Augsburg"]
[Date "2023.10.21"]
[Round "1.4"]
[White "Renner, Christoph"]
[Black "Mijovic, Stefan"]
[Result "1/2-1/2"]
[WhiteElo "2313"]
[BlackElo "2383"]
[PlyCount "107"]
[EventDate "2023.??.??"]

1. e4 c5 2. Nf3 e6 3. c3 d5 4. exd5 exd5 5. d4 Nc6 6. Be3 cxd4 7. Bxd4 Nge7 8. Bb5 Nf5 9. Ne5 Bd7 10. Bxc6 bxc6 11. Qh5 Qe7 12. O-O Nxd4 13. cxd4 g6 14. Qd1 f6 15. Nxc6 Qd6 16. Na5 Rb8 17. Nb3 Kf7 18. Nc3 Bc6 19. Re1 Qd7 20. Rc1 Bb4 21. a3 Bd6 22. Na5 Bxh2+ 23. Kxh2 Qc7+ 24. Kg1 Qxa5 25. Qd2 Rhe8 26. Qh6 Kg8 27. Qf4 Qd8 28. b4 Rc8 29. Re3 Rxe3 30. Qxe3 Qd6 31. Re1 Re8 32. Qd2 Qd7 33. Rxe8+ Qxe8 34. f3 Kf7 35. Kf2 Qb8 36. Qh6 Kg8 37. Qe3 Qd6 38. Qd3 Bd7 39. Nd1 Kf7 40. Qc3 a6 41. Ne3 Ke6 42. Nd1 Qc6 43. Qc5 Qxc5 44. bxc5 h5 45. f4 g5 46. fxg5 fxg5 47. Kf3 Be8 48. g4 h4 49. Nf2 Ba4 50. Ke3 Bb5 51. Nh3 Kf6 52. Ng1 Bd7 53. Kf3 Ba4 54. Ke2 1/2-1/2

[Event "2BLO 2324 SC Garching - SC Erlangen"]
[Site "Augsburg"]
[Date "2023.10.21"]
[Round "1.5"]
[White "Schulz, Lukas"]
[Black "Bredl, Harald"]
[Result "1-0"]
[WhiteElo "2324"]
[BlackElo "2308"]
[PlyCount "57"]
[EventDate "2023.??.??"]

1. e4 e6 2. Nc3 d5 3. g3 Nc6 4. Bg2 d4 5. Nce2 d3 6. cxd3 Qxd3 7. Nf4 Qd6 8. Nge2 e5 9. Nd5 Nge7 10. O-O Bg4 11. b3 Bxe2 12. Qxe2 Nd4 13. Qd1 Nxd5 14. exd5 O-O-O 15. Bb2 Qf6 16. Rc1 h5 17. Rc4 h4 18. Qg4+ Kb8 19. Rfc1 hxg3 20. hxg3 b5 21. Rxd4 exd4 22. Bxd4 Qg6 23. d6 Bxd6 24. Qf3 Kc8 25. Qa8+ Kd7 26. Bc6+ Ke6 27. Re1+ Kf5 28. Be4+ Kg4 29. Qd5 1-0

[Event "2BLO 2324 SC Garching - SC Erlangen"]
[Site "Augsburg"]
[Date "2023.10.21"]
[Round "1.6"]
[White "Rusche, Johannes"]
[Black "Ott, Florian"]
[Result "1-0"]
[WhiteElo "2307"]
[BlackElo "2306"]
[PlyCount "178"]
[EventDate "2023.??.??"]

1. e4 c5 2. c3 Nf6 3. e5 Nd5 4. Nf3 Nc6 5. Bc4 Nb6 6. Bb3 c4 7. Bc2 d6 8. exd6 Qxd6 9. O-O Bg4 10. Re1 e6 11. b3 cxb3 12. axb3 Qd7 13. d4 Be7 14. Na3 O-O 15. Nc4 Nd5 16. Bd2 b5 17. Ne3 Nxe3 18. Bxe3 Qd5 19. c4 Bxf3 20. Qxf3 Qxf3 21. gxf3 Bf6 22. Be4 Rac8 23. Rad1 bxc4 24. bxc4 Nb4 25. d5 Rxc4 26. dxe6 fxe6 27. Bxa7 Nc2 28. Bxc2 Rxc2 29. Rxe6 Rc7 30. Be3 Ra8 31. Re4 Ra1 32. Rxa1 Bxa1 33. Kg2 Bf6 34. Ra4 Kf7 35. f4 Rb7 36. Kf3 Rc7 37. Ke4 Re7+ 38. Kf3 Rb7 39. Kg4 Rc7 40. h3 Re7 41. f5 Rb7 42. h4 h6 43. Rc4 Be7 44. Bf4 Bf6 45. Bd6 Rd7 46. Rc6 Ra7 47. Rc8 Be7 48. Be5 Bf6 49. f4 Re7 50. Rc5 Re8 51. Bd6 h5+ 52. Kxh5 Rh8+ 53. Kg4 Rxh4+ 54. Kg3 Rh5 55. Rc7+ Kg8 56. Kg4 Rh4+ 57. Kf3 Rh5 58. Ke4 Rh1 59. Kd5 Rh5 60. Ke6 Rh6 61. Rc8+ Kh7 62. Kf7 Rh5 63. Rc5 Bd4 64. Rb5 Bf6 65. Rd5 Kh6 66. Ke6 Kh7 67. Be5 Rh4 68. Kf7 Kh6 69. Rd6 Kh7 70. Rc6 Rh5 71. Ke6 Rh6 72. Kd5 Rh4 73. Bxf6 gxf6 74. Rc4 Kg7 75. Ke6 Rg4 76. Rc7+ Kh6 77. Kxf6 Rxf4 78. Rc5 Ra4 79. Re5 Ra6+ 80. Kf7 Ra7+ 81. Re7 Ra8 82. f6 Kh7 83. Re8 Ra7+ 84. Re7 Ra8 85. Rd7 Rb8 86. Rd4 Rb7+ 87. Ke6 Rb8 88. f7 Rb6+ 89. Ke7 Rb8 1-0

[Event "2BLO 2324 SC Garching - SC Erlangen"]
[Site "Augsburg"]
[Date "2023.10.21"]
[Round "1.7"]
[White "Hilverda, Alexander"]
[Black "Schmitz, Thorsten"]
[Result "1/2-1/2"]
[WhiteElo "2234"]
[BlackElo "2236"]
[PlyCount "97"]
[EventDate "2023.??.??"]

1. d4 Nf6 2. c4 g6 3. Nc3 Bg7 4. e4 d6 5. Nf3 O-O 6. Be2 Nbd7 7. O-O e5 8. Re1 c6 9. Bf1 Re8 10. d5 c5 11. a3 h6 12. b4 b6 13. Nd2 Nh7 14. Nb3 f5 15. bxc5 bxc5 16. Nb5 Ndf6 17. exf5 gxf5 18. Bd2 a5 19. Bxa5 Rxa5 20. Nxa5 Qxa5 21. Nxd6 Rd8 22. Nxc8 Rxc8 23. Rxe5 Nd7 24. Rxf5 Bxa1 25. Qxa1 Qd2 26. d6 Re8 27. Rd5 Re1 28. Rxd2 Rxa1 29. Rd3 Nhf8 30. g3 Ne5 31. Rc3 Rd1 32. f4 Nf7 33. Rd3 Rxd3 34. Bxd3 Nxd6 35. Kf2 Nd7 36. a4 Nb8 37. g4 Nc6 38. h4 Na5 39. g5 hxg5 40. hxg5 Naxc4 41. Bxc4+ Nxc4 42. f5 Kf7 43. Kf3 Nd6 44. f6 Ke6 45. a5 c4 46. Ke3 Nb5 47. a6 c3 48. Kd3 Kf7 49. Kc2 1/2-1/2

[Event "2BLO 2324 SC Garching - SC Erlangen"]
[Site "Augsburg"]
[Date "2023.10.21"]
[Round "1.8"]
[White "Werner, Denis"]
[Black "Willim, Michael"]
[Result "1-0"]
[WhiteElo "2228"]
[BlackElo "2138"]
[PlyCount "51"]
[EventDate "2023.??.??"]

1. e4 c6 2. d4 d5 3. exd5 cxd5 4. Bd3 Nc6 5. c3 Nf6 6. Bg5 Bg4 7. Ne2 e6 8. Qc2 Bxe2 9. Qxe2 Be7 10. O-O O-O 11. Nd2 Qc7 12. f4 a6 13. a4 Rab8 14. Nf3 h6 15. Bh4 Nh5 16. Ne5 Bxh4 17. Qxh5 Nxe5 18. fxe5 Bg5 19. h4 Bd8 20. Rf3 Qe7 21. Raf1 b5 22. Rf6 Re8 23. Rxf7 Qxh4 24. Rxg7+ Kxg7 25. Qf7+ Kh8 26. Qh7# 1-0

[Event "2BLO 2324 SC Bavaria Regensburg 1881 - E"]
[Site "?"]
[Date "2023.10.21"]
[Round "1.1"]
[White "Romanov, Evgeny"]
[Black "Stocek, Jiri"]
[Result "1-0"]
[WhiteElo "2563"]
[BlackElo "2535"]
[PlyCount "57"]
[EventDate "2023.??.??"]

1. d4 Nf6 2. c4 e6 3. Nf3 Bb4+ 4. Nbd2 h6 5. e3 O-O 6. Bd3 d5 7. O-O a5 8. a3 Be7 9. e4 c5 10. e5 Nfd7 11. cxd5 exd5 12. Bb1 Re8 13. Qc2 Nf8 14. dxc5 Na6 15. Rd1 Nxc5 16. Nf1 Bg4 17. Ne3 Bxf3 18. gxf3 d4 19. Nf5 Qd5 20. Rxd4 Qxe5 21. Rg4 Ng6 22. Be3 Ne6 23. f4 Qd6 24. Nxe7+ Qxe7 25. f5 Rac8 26. Qa4 Ne5 27. fxe6 Qxe6 28. Rg3 Qf6 29. Qf4 1-0

[Event "2BLO 2324 SC Bavaria Regensburg 1881 - E"]
[Site "?"]
[Date "2023.10.21"]
[Round "1.2"]
[White "Kaczur, Florian"]
[Black "Enders, Peter"]
[Result "1-0"]
[WhiteElo "2504"]
[BlackElo "2402"]
[PlyCount "37"]
[EventDate "2023.??.??"]

1. e4 e6 2. d4 d5 3. Nc3 Bb4 4. exd5 exd5 5. Bd3 Ne7 6. Qf3 Be6 7. Nh3 Nbc6 8. Be3 Qd7 9. Ng5 O-O-O 10. a3 Bxc3+ 11. bxc3 Bf5 12. Qd1 Bxd3 13. cxd3 Qf5 14. O-O Rd6 15. Nf3 Ng6 16. Re1 Qh5 17. h3 Rf6 18. Kh2 Nh4 19. Nxh4 1-0

[Event "2BLO 2324 SC Bavaria Regensburg 1881 - E"]
[Site "?"]
[Date "2023.10.21"]
[Round "1.3"]
[White "Scheftlein, Richard"]
[Black "Schneider, Jana"]
[Result "1/2-1/2"]
[WhiteElo "2326"]
[BlackElo "2285"]
[PlyCount "127"]
[EventDate "2023.??.??"]

1. d4 Nf6 2. c4 e6 3. Nc3 d5 4. Bg5 Be7 5. e3 h6 6. Bh4 b6 7. Nf3 Bb7 8. Bxf6 Bxf6 9. cxd5 exd5 10. b4 O-O 11. Be2 c5 12. bxc5 bxc5 13. Rb1 Bc8 14. O-O Nc6 15. Rb5 cxd4 16. Nxd4 Nxd4 17. exd4 Be6 18. Bg4 a6 19. Rb3 Bxg4 20. Qxg4 Qa5 21. Rd1 Rac8 22. Qf3 Rfd8 23. a3 Rc4 24. Ne2 Bxd4 25. Rbd3 Bb6 26. g3 Rc2 27. Rf1 Rd2 28. Rxd2 Qxd2 29. Nf4 Qa5 30. Rd1 d4 31. Kg2 Bc7 32. Ne2 Be5 33. Rd3 Qc5 34. Qb7 Qc4 35. Qe4 Qd5 36. Qxd5 Rxd5 37. f4 Bd6 38. a4 Bc5 39. Nc3 Rd7 40. Ne4 Ba7 41. f5 Rb7 42. Kf3 Kf8 43. Kf4 Ke7 44. Ke5 Rb4 45. Kd5 Kd7 46. Ra3 Rb6 47. g4 Kc7 48. h4 Rb8 49. g5 Rd8+ 50. Kc4 hxg5 51. Nxg5 Rh8 52. Nxf7 Rf8 53. Ng5 Rxf5 54. Ne6+ Kd6 55. Nxg7 Rc5+ 56. Kd3 Ke5 57. Kd2 Bb6 58. Rg3 Ba5+ 59. Kd1 Ke4 60. Rg5 Rxg5 61. hxg5 Ke5 62. g6 Kf6 63. Nf5 Kxg6 64. Nxd4 1/2-1/2

[Event "2BLO 2324 SC Bavaria Regensburg 1881 - E"]
[Site "?"]
[Date "2023.10.21"]
[Round "1.4"]
[White "Kilgus, Georg"]
[Black "Troyke, Christian"]
[Result "1/2-1/2"]
[WhiteElo "2410"]
[BlackElo "2306"]
[PlyCount "63"]
[EventDate "2023.??.??"]

1. e4 c5 2. c3 g6 3. d4 cxd4 4. cxd4 d5 5. e5 Bg7 6. Nc3 a6 7. h3 Nc6 8. Nf3 f6 9. Bf4 fxe5 10. Nxe5 Nxe5 11. Bxe5 Bxe5 12. dxe5 e6 13. Qd2 Bd7 14. Bd3 Qe7 15. O-O Qg7 16. f4 Ne7 17. Ne2 Nc6 18. Kh2 O-O 19. Rf3 Rf7 20. Rg3 Kh8 21. Rg5 Rg8 22. h4 Qf8 23. a3 Qc5 24. Rf1 Be8 25. Bb1 Rff8 26. Rf3 Rg7 27. Kh1 a5 28. Qe1 a4 29. Qd2 Qb6 30. Rgg3 Na5 31. Bd3 Bc6 32. Rf1 1/2-1/2

[Event "2BLO 2324 SC Bavaria Regensburg 1881 - E"]
[Site "?"]
[Date "2023.10.21"]
[Round "1.5"]
[White "Brueggemann, Joachim"]
[Black "Goldbeck, Lars"]
[Result "1/2-1/2"]
[WhiteElo "2278"]
[BlackElo "2272"]
[PlyCount "176"]
[EventDate "2023.??.??"]

1. e4 c5 2. Nf3 d6 3. d4 cxd4 4. Nxd4 Nf6 5. Nc3 a6 6. Be3 e5 7. Nf3 Qc7 8. a4 Be7 9. Be2 O-O 10. a5 Nc6 11. Bb6 Qd7 12. Nd2 d5 13. exd5 Nxd5 14. Nxd5 Qxd5 15. O-O Be6 16. Bc4 Qd7 17. Bxe6 Qxe6 18. Qe2 Nb4 19. Ne4 Rac8 20. Nc3 e4 21. Rad1 f5 22. Rd4 Nc6 23. Rdd1 Nb4 24. Rd4 Nc6 25. Rdd1 Ne5 26. Qd2 Bf6 27. b3 Kh8 28. f4 exf3 29. gxf3 f4 30. Nd5 Bh4 31. c4 Rc6 32. Kh1 Qh3 33. Qg2 Qf5 34. Qe2 Rh6 35. Bg1 Rg6 36. Rd4 Qg5 37. Rd2 Rh6 38. Nc3 Nc6 39. Rd5 Qg6 40. Ne4 Re8 41. Qg2 Qxg2+ 42. Kxg2 Kg8 43. Rfd1 Rg6+ 44. Kf1 Ne5 45. Nd2 Rge6 46. Bb6 Be7 47. Bc7 Bb4 48. Rxe5 Rxe5 49. Bxe5 Rxe5 50. Ne4 h6 51. Rd7 Re7 52. Rd5 g5 53. Kg2 Kf7 54. h4 gxh4 55. Kh3 Be1 56. Kg4 Kg7 57. Nd6 Kf6 58. Nf5 Re5 59. Rd7 Re6 60. Rd8 Bxa5 61. Rh8 Ke5 62. Nxh4 Be1 63. Rd8 Bxh4 64. Kxh4 Rb6 65. Rd5+ Kf6 66. Rd3 Kf5 67. Kh5 Re6 68. Rd7 Re3 69. Rf7+ Ke5 70. Rxb7 Rxf3 71. c5 Rh3+ 72. Kg4 Rg3+ 73. Kh4 a5 74. Rb5 Kd5 75. Rxa5 Rxb3 76. Kg4 f3 77. c6+ Kxc6 78. Rf5 Kd6 79. Rxf3 Rxf3 80. Kxf3 Ke5 81. Kg2 Kf4 82. Kh3 Kg5 83. Kh2 Kh4 84. Kh1 Kg3 85. Kg1 h5 86. Kh1 h4 87. Kg1 h3 88. Kh1 h2 1/2-1/2

[Event "2BLO 2324 SC Bavaria Regensburg 1881 - E"]
[Site "?"]
[Date "2023.10.21"]
[Round "1.6"]
[White "Kleibel, Uwe"]
[Black "Kosev, Momchil"]
[Result "1-0"]
[WhiteElo "2304"]
[BlackElo "1891"]
[PlyCount "136"]
[EventDate "2023.??.??"]

1. d4 d5 2. Nf3 c5 3. c4 e6 4. e3 Nf6 5. cxd5 exd5 6. Nc3 Nc6 7. Bb5 a6 8. Bxc6+ bxc6 9. O-O c4 10. e4 dxe4 11. Ne5 Bd6 12. Bg5 Bxe5 13. dxe5 Qxd1 14. Raxd1 Nd5 15. Nxd5 cxd5 16. Rxd5 O-O 17. Rd4 Rb8 18. Bc1 Bf5 19. Rxc4 Rb5 20. Re1 Rxe5 21. Ra4 Ra8 22. f3 Rc5 23. fxe4 Be6 24. Bd2 Rd8 25. Bc3 Rc6 26. Kf2 h6 27. Re3 Rd1 28. Rg3 g6 29. h3 Rd7 30. Rb4 Rd8 31. a3 Kh7 32. Rf3 Kg8 33. h4 h5 34. Kg3 Bg4 35. Re3 Re8 36. Kf4 Rce6 37. Rb7 Rd6 38. Ra7 Rde6 39. Re1 Rc6 40. Re3 Rce6 41. Rc7 Rd6 42. Rc5 Bd7 43. Rg3 Bc6 44. e5 Rde6 45. Rg5 Rd8 46. Rc4 Rd1 47. Rd4 Rg1 48. Rd6 Kh7 49. Ke3 Rh1 50. g3 Rg1 51. Kd4 Bf3 52. Kc5 Kg7 53. Kb6 Be2 54. Ka5 Kh6 55. Bb4 Rb1 56. Rd2 Bb5 57. Bd6 Rg1 58. b3 Rb1 59. a4 Ra1 60. g4 hxg4 61. Rxg4 Bf1 62. Rf4 Rb1 63. Rxf7 Re8 64. Rd4 Rh8 65. e6 Bg2 66. Be5 Rc8 67. Bf4+ Kh5 68. Bd6 Rxb3 1-0

[Event "2BLO 2324 SC Bavaria Regensburg 1881 - E"]
[Site "?"]
[Date "2023.10.21"]
[Round "1.7"]
[White "Seinsoth, Paul"]
[Black "Lerch, Johannes"]
[Result "1/2-1/2"]
[WhiteElo "1786"]
[BlackElo "2283"]
[PlyCount "94"]
[EventDate "2023.??.??"]

1. e4 e5 2. Nf3 Nc6 3. Bc4 Bc5 4. c3 Nf6 5. d3 d6 6. O-O h6 7. Re1 O-O 8. h3 Bb6 9. Bb3 Re8 10. Nbd2 Ne7 11. Nc4 Ng6 12. Nxb6 axb6 13. Bc2 c5 14. d4 Qc7 15. dxe5 dxe5 16. Be3 Bd7 17. Nd2 Be6 18. a4 Rad8 19. Qf3 Nh7 20. Nf1 Rd6 21. Ng3 Bd7 22. Nf5 Rf6 23. Qh5 Bxf5 24. exf5 Ne7 25. Rad1 Qc8 26. g4 Nc6 27. Be4 Rd8 28. g5 hxg5 29. Bxg5 Nxg5 30. Qxg5 Rfd6 31. Rxd6 Rxd6 32. Kh2 Qd8 33. Qg3 Qf6 34. Bxc6 bxc6 35. Rxe5 Rd2 36. Re8+ Kh7 37. Qf3 Qh4 38. Re2 Rxe2 39. Qxe2 Qf4+ 40. Kg2 Qxf5 41. Qf3 Qg6+ 42. Qg4 c4 43. Kf3 Qd3+ 44. Kg2 Qg6 45. Kf3 Qd3+ 46. Kg2 Qd5+ 47. Kg3 Qd3+ 1/2-1/2

[Event "2BLO 2324 SC Bavaria Regensburg 1881 - E"]
[Site "?"]
[Date "2023.10.21"]
[Round "1.8"]
[White "Oberhofer, Cedric"]
[Black "Apel, Linus"]
[Result "1-0"]
[WhiteElo "2286"]
[BlackElo "1503"]
[PlyCount "47"]
[EventDate "2023.??.??"]

1. c4 Nf6 2. g3 e6 3. Bg2 c5 4. Nf3 Nc6 5. O-O Be7 6. d4 cxd4 7. Nxd4 d5 8. Nc3 O-O 9. cxd5 exd5 10. b3 Bc5 11. Nxc6 bxc6 12. Qc2 Be7 13. Bb2 Bb7 14. Rad1 Rc8 15. e4 Qa5 16. Rfe1 Ba3 17. Bxa3 Qxa3 18. Na4 dxe4 19. Nc5 Qb4 20. Nxe4 Nxe4 21. Rxe4 Qb5 22. Re7 Rcd8 23. Rxd8 Rxd8 24. Qd2 1-0